000 00485nam a22001577a 4500
005 20251211150444.0
008 251211b |||||||| |||| 00| 0 eng d
020 _a9788472082151
050 _aR125 ENC
100 _aAguilar, Isidor
245 _aEncyclopedia of Health and Education for the Family
_cIsidro Aguilar & Herminia Galbes
260 _aMadrid, Spain
_bEditorial Safeliz
_c2008
300 _a4v, 381p.
_bill. color
_c28.5cm
700 _aGalbes, Herminia
942 _2lcc
_cBK
_n0
999 _c8560
_d8560